000 00456nam a2200181Ia 4500
001 2555
005 20260306144815.0
008 260306t2016||||xx |||||||||||||| ||spa||
041 _aESP
082 _a616.89142
_bG45
100 _aGilbert, Paul
_eAUT
245 0 _aTerapia centrada en la compasión:
_bcaracterísticas distintivas
260 _c2016
300 _a263 páginas :
_c21 cm.
650 _aGEN
654 _aCPS
942 _cLIB
_dJUS
_fJUS
_2ddc
_n
999 _c2555
_d2555